[Event "C.to Regionale Puglia"]
[Site "Bari ITA"]
[Date "2003.04.25"]
[Round "1"]
[White "Mascolo, Giuseppe"]
[Black "Pizzuto, Samuele Tullio"]
[Result "0-1"]
[WhiteElo "1573"]
[BlackElo "2137"]
[PlyCount "52"]
[EventDate "2003.04.25"]

1. d4 d5 2. c4 Nc6 3. Nc3 dxc4 4. e3 e5 5. d5 Nce7 6. Bxc4 Nf6 7. Qa4+ Qd7 8.
Bb5 c6 9. dxc6 bxc6 10. Bc4 Ng6 11. Nf3 Bd6 12. O-O O-O 13. b4 e4 14. Ng5 Ne5
15. b5 Qg4 16. f4 exf3 17. Bxf7+ Nxf7 18. Qxg4 f2+ 19. Rxf2 Bxh2+ 20. Kf1 Bxg4
21. Nf3 Bg3 22. Rb2 Ne5 23. Ne2 Ne4 24. Rb4 Rxf3+ 25. gxf3 Bh3+ 26. Kg1 Nxf3+
0-1

[Event "C.to Regionale Puglia"]
[Site "Bari ITA"]
[Date "2003.04.25"]
[Round "2"]
[White "Campanile, Roberto"]
[Black "Laghetti, Gaetano"]
[Result "1/2-1/2"]
[WhiteElo "2184"]
[BlackElo "1696"]
[PlyCount "88"]
[EventDate "2003.04.25"]

1. d4 Nf6 2. c4 g6 3. Nc3 Bg7 4. e4 d6 5. f3 O-O 6. Be3 e5 7. d5 c6 8. Qd2 cxd5
9. cxd5 a6 10. g4 b5 11. Bd3 Nbd7 12. Nge2 Nb6 13. Ng3 Nfd7 14. b4 Bb7 15. h4
f6 16. Rc1 Rc8 17. Nce2 Rxc1+ 18. Nxc1 Qc7 19. Nb3 Rc8 20. Kf2 Qc3 21. Na5
Qxd2+ 22. Bxd2 Ba8 23. h5 Na4 24. Rc1 Rxc1 25. Bxc1 Bf8 26. Bc2 Nab6 27. hxg6
hxg6 28. Ne2 Kf7 29. Nc3 Ke8 30. a4 Nxa4 31. Nxa4 bxa4 32. Bxa4 Kd8 33. Bc2 Kc7
34. Bd3 Bb7 35. Be3 Nb8 36. Nc4 Nd7 37. Ke2 Be7 38. Kd2 Bc8 39. Kc3 Bf8 40. Bc2
Be7 41. Ba4 Bb7 42. Na5 Ba8 43. Bc2 Bf8 44. Ba4 Be7 1/2-1/2

[Event "C.to Regionale Puglia"]
[Site "Bari ITA"]
[Date "2003.04.25"]
[Round "2"]
[White "Carella, Vincenzo"]
[Black "Crudele, Michele"]
[Result "1-0"]
[WhiteElo "1603"]
[BlackElo "1797"]
[PlyCount "91"]
[EventDate "2003.04.25"]

1. d4 d6 2. Nf3 Bf5 3. g3 Nd7 4. Bg2 c6 5. O-O Ngf6 6. Nbd2 h6 7. Nh4 Bh7 8. b3
g5 9. Nhf3 Bg7 10. e3 e5 11. dxe5 dxe5 12. Bb2 Qe7 13. Nc4 Ne4 14. Qe2 f5 15.
Nfd2 Nef6 16. Ba3 c5 17. Bxb7 O-O 18. Bxa8 Rxa8 19. Rad1 e4 20. Bb2 g4 21. Nb1
Nh5 22. Bxg7 Nxg7 23. Rd2 Ne6 24. Rfd1 Ndf8 25. Nc3 Ng5 26. Kh1 Nf3 27. Rd5 Qe8
28. Qf1 Kh8 29. Nd2 Ng5 30. Ne2 Nfe6 31. Nf4 Nxf4 32. exf4 e3 33. fxe3 Bg8 34.
Re5 Qc6+ 35. Qg2 Nf3 36. Nxf3 gxf3 37. Qf2 a5 38. c4 a4 39. Rxf5 axb3 40. axb3
Be6 41. Re5 Bh3 42. e4 Bg2+ 43. Kg1 Rg8 44. Rxc5 Qg6 45. Qd4+ Rg7 46. Rc7 1-0

[Event "C.to Regionale Puglia"]
[Site "Bari ITA"]
[Date "2003.04.25"]
[Round "2"]
[White "Gissi, Gilberto"]
[Black "Campanile, Antonio"]
[Result "0-1"]
[WhiteElo "1699"]
[BlackElo "2162"]
[PlyCount "118"]
[EventDate "2003.04.25"]

1. e4 d5 2. exd5 Qxd5 3. Nc3 Qd6 4. d4 Nf6 5. Bb5+ Nbd7 6. Nge2 c6 7. Bd3 e5 8.
Bf5 g6 9. Bxd7+ Nxd7 10. O-O Bg7 11. dxe5 Qxd1 12. Rxd1 Nxe5 13. Ne4 Nc4 14.
Rb1 O-O 15. b3 Bf5 16. N2g3 Bxe4 17. Nxe4 Rfe8 18. Ng3 Nb6 19. c4 f5 20. Bb2
Bxb2 21. Rxb2 Rad8 22. Rxd8 Rxd8 23. f3 Kf7 24. Kf2 Nc8 25. Ke2 Ke6 26. Rd2
Rxd2+ 27. Kxd2 Ke5 28. Kd3 Ne7 29. Ne2 f4 30. g3 g5 31. g4 Ng6 32. Ng1 Nh4 33.
Kc3 h6 34. Kd3 a5 35. a3 c5 36. a4 b6 37. h3 Ng6 38. Ne2 Ne7 39. Kd2 Nc6 40.
Kc3 Nb4 41. Kd2 Ke6 42. Kc3 Kd6 43. Kd2 Ke5 44. Kc3 Nc6 45. Ng1 Nd4 46. Kd3
Nxb3 47. Kc3 Nd4 48. Kd3 Nc6 49. Ne2 Kf6 50. Kc3 Ne5 51. Ng1 Ng6 52. Kd3 Ke5
53. Ne2 Nh4 54. Ng1 Ng2 55. Kc3 Ne3 56. Ne2 Nd1+ 57. Kc2 Nf2 58. Ng1 Kd4 59.
Kb3 Kd3 0-1

[Event "C.to Regionale Puglia"]
[Site "Bari ITA"]
[Date "2003.04.26"]
[Round "3"]
[White "Campanile, Antonio"]
[Black "Manfredi, Vincenzo"]
[Result "1/2-1/2"]
[WhiteElo "2162"]
[BlackElo "1819"]
[PlyCount "63"]
[EventDate "2003.04.25"]

1. f4 g6 2. Nf3 Bg7 3. e3 d5 4. c4 Nf6 5. Nc3 O-O 6. Be2 c5 7. cxd5 Nxd5 8. O-O
Nc6 9. a3 b6 10. Qc2 Bb7 11. Bc4 e6 12. b3 Nxc3 13. dxc3 Qf6 14. Bb2 Rad8 15.
Rf2 a6 16. a4 Na5 17. Bf1 Bd5 18. c4 Qxb2 19. Qxb2 Bxb2 20. Rxb2 Bxf3 21. gxf3
Nc6 22. Kf2 Rd6 23. Be2 Rfd8 24. Rbb1 Kf8 25. Rd1 Ke7 26. Rxd6 Rxd6 27. Rd1 Na5
28. Rxd6 Kxd6 29. Bd1 Kc6 30. Ke2 Nb7 31. Bc2 Nd6 32. Kd2 1/2-1/2

[Event "C.to Regionale Puglia"]
[Site "Bari ITA"]
[Date "2003.04.26"]
[Round "4"]
[White "Attorre, Michele"]
[Black "Giannotti, Salvatore"]
[Result "1-0"]
[WhiteElo "1956"]
[BlackElo "1600"]
[PlyCount "59"]
[EventDate "2003.04.25"]

1. d4 Nf6 2. Nf3 g6 3. e3 Bg7 4. Bd3 d6 5. Nbd2 Nbd7 6. b3 O-O 7. Bb2 c5 8. c3
b6 9. O-O Bb7 10. c4 e6 11. Rc1 Qe7 12. Re1 e5 13. dxe5 dxe5 14. e4 Nh5 15. g3
Rad8 16. Qe2 Nb8 17. Nf1 f5 18. exf5 Bxf3 19. Qxf3 gxf5 20. Bxf5 Qf7 21. g4 e4
22. Qxe4 Rfe8 23. Bxh7+ Kh8 24. Bxg7+ Qxg7 25. Qg6 Nf4 26. Rxe8+ Rxe8 27. Qxe8+
Kxh7 28. Qe4+ Ng6 29. h4 Kh8 30. Rd1 1-0

[Event "C.to Regionale Puglia"]
[Site "Bari ITA"]
[Date "2003.04.26"]
[Round "4"]
[White "Carella, Vincenzo"]
[Black "Di Carlo, Pasquale"]
[Result "0-1"]
[WhiteElo "1603"]
[BlackElo "1726"]
[PlyCount "108"]
[EventDate "2003.04.25"]

1. d4 Nf6 2. c4 g6 3. Nc3 Bg7 4. e4 d6 5. Nf3 O-O 6. Be2 Nbd7 7. O-O c5 8. d5
Ng4 9. Qc2 Nge5 10. Nxe5 Nxe5 11. f4 Ng4 12. Bxg4 Bxg4 13. h3 Bd7 14. f5 a6 15.
a4 Qa5 16. Ra3 Qb4 17. Na2 Qb6 18. Raf3 Qa5 19. b3 b5 20. Bd2 Qb6 21. Bc3 Bd4+
22. Bxd4 cxd4 23. Qf2 f6 24. fxg6 hxg6 25. Nc3 bxc4 26. bxc4 Qc5 27. Ne2 Qxc4
28. Qg3 Kf7 29. Nf4 Rg8 30. Nd3 Ke8 31. e5 dxe5 32. Nxe5 Qxd5 33. Nxd7 Qxd7 34.
Re1 Kf7 35. Qe5 Rge8 36. Qg5 Kg7 37. Qh4 d3 38. Rd1 d2 39. Rg3 Rac8 40. Qh5 g5
41. Rxg5+ fxg5 42. Qxg5+ Kf7 43. Rf1+ Ke6 44. Qe3+ Kd6 45. Qxd2+ Kc7 46. Qa5+
Kb7 47. Rb1+ Ka8 48. Kh1 Rc6 49. Qh5 Rec8 50. Qf3 e6 51. Kh2 Qd6+ 52. Kh1 Qd5
53. Qf4 Qf5 54. Qb4 Qxb1+ 0-1

[Event "C.to Regionale Puglia"]
[Site "Bari ITA"]
[Date "2003.04.26"]
[Round "4"]
[White "Garrapa, Gianluigi"]
[Black "Rizzo, Giovanbattista"]
[Result "1/2-1/2"]
[WhiteElo "1903"]
[BlackElo "2092"]
[PlyCount "52"]
[EventDate "2003.04.25"]

1. e4 c5 2. Nf3 d6 3. d4 cxd4 4. Nxd4 Nf6 5. Nc3 g6 6. f3 Bg7 7. Be3 Nc6 8. Qd2
Bd7 9. O-O-O Rc8 10. g4 Ne5 11. Bh6 Bxh6 12. Qxh6 Rxc3 13. bxc3 Qa5 14. Kb2
Qb6+ 15. Ka1 Qc5 16. Qe3 O-O 17. g5 Nh5 18. Rb1 b6 19. Ba6 Qa5 20. Bb5 Rc8 21.
Rb3 Nc4 22. Bxc4 Rxc4 23. Rb4 Rxb4 24. cxb4 Qxb4 25. Rb1 Qc5 26. Qd2 Nf4
1/2-1/2

[Event "C.to Regionale Puglia"]
[Site "Bari ITA"]
[Date "2003.04.26"]
[Round "4"]
[White "Palma, Antonio"]
[Black "Borino, Paolo"]
[Result "1-0"]
[WhiteElo "1867"]
[BlackElo "1679"]
[PlyCount "107"]
[EventDate "2003.04.25"]

1. d4 Nf6 2. c4 e5 3. dxe5 Ng4 4. Bf4 Nc6 5. Nf3 Bb4+ 6. Nbd2 Qe7 7. a3 Ngxe5
8. Nxe5 Nxe5 9. e3 Bxd2+ 10. Qxd2 b6 11. Qd5 Nc6 12. Bxc7 Bb7 13. Qd2 d5 14.
cxd5 Qxc7 15. dxc6 Qxc6 16. Qb4 a6 17. Rd1 Rd8 18. Rxd8+ Kxd8 19. f3 Re8 20.
Kf2 Qe6 21. Qd4+ Ke7 22. Bc4 Qg6 23. Rd1 Qc6 24. Bd5 Qxd5 25. Qxd5 Bxd5 26.
Rxd5 Rc8 27. Rd2 Rc6 28. e4 b5 29. Ke3 f6 30. f4 Ke6 31. g4 Rc5 32. h4 h6 33.
Kd4 Rc1 34. b4 Rg1 35. g5 hxg5 36. hxg5 fxg5 37. f5+ Kf6 38. Kd5 Rg3 39. e5+
Kxf5 40. e6 Re3 41. Rf2+ Kg6 42. Kd6 Rd3+ 43. Kc7 Rc3+ 44. Kd7 Rd3+ 45. Ke8 Re3
46. e7 g4 47. Kf8 Kg5 48. e8=Q Rxe8+ 49. Kxe8 g3 50. Rf1 Kh4 51. Kf7 g5 52. Kf6
g2 53. Rg1 Kg3 54. Kxg5 1-0

[Event "C.to Regionale Puglia"]
[Site "Bari ITA"]
[Date "2003.04.27"]
[Round "5"]
[White "Fiore, Tommaso"]
[Black "Laghetti, Gaetano"]
[Result "1-0"]
[WhiteElo "1675"]
[BlackElo "1696"]
[PlyCount "47"]
[EventDate "2003.04.25"]

1. e4 c5 2. Nf3 d6 3. d4 cxd4 4. Nxd4 Nf6 5. Nc3 a6 6. f3 b5 7. Be3 g6 8. Qd2
Bg7 9. Bh6 O-O 10. g4 Qb6 11. Bxg7 Kxg7 12. g5 Nfd7 13. Nd5 Qd8 14. h4 Bb7 15.
h5 e5 16. Nb3 Nc6 17. O-O-O Nc5 18. Nxc5 dxc5 19. hxg6 hxg6 20. Rh7+ Kxh7 21.
Qh2+ Kg8 22. Nf6+ Qxf6 23. gxf6 Nd8 24. Rxd8 1-0

[Event "C.to Regionale Puglia"]
[Site "Bari ITA"]
[Date "2003.04.27"]
[Round "5"]
[White "Rizzo, Giovanbattista"]
[Black "Campanile, Roberto"]
[Result "1/2-1/2"]
[WhiteElo "2092"]
[BlackElo "2184"]
[PlyCount "67"]
[EventDate "2003.04.25"]

1. d4 Nf6 2. c4 g6 3. Nc3 Bg7 4. e4 d6 5. Nf3 O-O 6. Be2 e5 7. O-O Nc6 8. d5
Ne7 9. Bg5 Nh5 10. g3 h6 11. Bd2 Bh3 12. Re1 Nf6 13. b4 Ne8 14. Rc1 f5 15. exf5
gxf5 16. Nh4 Nf6 17. f4 Kh7 18. a4 c6 19. a5 b6 20. dxc6 Nxc6 21. Nd5 bxa5 22.
bxa5 Nd4 23. Nf3 Nxe2+ 24. Qxe2 Nxd5 25. cxd5 e4 26. Nh4 Bd4+ 27. Be3 Bxe3+ 28.
Qxe3 Qxa5 29. Qc3 Qxc3 30. Rxc3 Rac8 31. Rec1 Rxc3 32. Rxc3 Rf7 33. Rc6 Rd7 34.
Ra6 1/2-1/2

[Event "C.to Regionale Puglia"]
[Site "Bari ITA"]
[Date "2003.04.27"]
[Round "6"]
[White "Attorre, Michele"]
[Black "Campanile, Antonio"]
[Result "1/2-1/2"]
[WhiteElo "1956"]
[BlackElo "2162"]
[PlyCount "97"]
[EventDate "2003.04.25"]

1. d4 f5 2. Nf3 Nf6 3. e3 b6 4. Bd3 e6 5. b3 Bb7 6. Bb2 Nc6 7. c3 Ne7 8. Nbd2
Ng6 9. Qc2 Bd6 10. O-O-O Qe7 11. h3 O-O-O 12. Rhe1 Rdf8 13. g3 Ba3 14. b4 Bxb2+
15. Kxb2 d5 16. Qa4 Kb8 17. Ba6 Ne4 18. Bxb7 Kxb7 19. Re2 Ra8 20. Nb3 Qe8 21.
Qxe8 Rhxe8 22. a4 a6 23. h4 h5 24. Nfd2 Ne7 25. Rg1 Rg8 26. f4 Nxd2 27. Rxd2
Nc8 28. Re2 Nd6 29. Nd2 a5 30. Kb3 c6 31. c4 b5 32. axb5 a4+ 33. Kc3 cxb5 34.
c5 Ne8 35. Ra1 Nf6 36. Ra3 Rh8 37. Rg2 Rh6 38. Nf3 Rg6 39. Ng5 Kc6 40. Kd3 Ne4
41. Nxe4 dxe4+ 42. Kc3 Rg4 43. Kb2 Kd5 44. Rc3 Kc6 45. Ka3 Rf8 46. Rc1 Rf6 47.
Kb2 Rfg6 48. Rcg1 Kd5 49. Kc3 1/2-1/2

[Event "C.to Regionale Puglia"]
[Site "Bari ITA"]
[Date "2003.04.27"]
[Round "6"]
[White "Garrapa, Gianluigi"]
[Black "Fiore, Tommaso"]
[Result "1/2-1/2"]
[WhiteElo "1903"]
[BlackElo "1675"]
[PlyCount "56"]
[EventDate "2003.04.25"]

1. e4 c5 2. Nf3 d6 3. d4 cxd4 4. Nxd4 Nf6 5. Nc3 a6 6. Be2 e5 7. Nb3 Be7 8. Be3
Be6 9. O-O Nbd7 10. f4 Qc7 11. Qe1 Bc4 12. Rd1 O-O 13. Nd2 Bxe2 14. Qxe2 b5 15.
a3 Qc6 16. Qf3 a5 17. Rc1 Bd8 18. Rfd1 Nb6 19. Ne2 Nc4 20. Nxc4 bxc4 21. Nc3
Bb6 22. Nd5 Bxe3+ 23. Qxe3 Nxd5 24. Rxd5 Rab8 25. fxe5 dxe5 26. Rxe5 Rxb2 27.
Rxa5 Rb5 28. Rxb5 Qxb5 1/2-1/2

[Event "C.to Regionale Puglia"]
[Site "Bari ITA"]
[Date "2003.04.27"]
[Round "6"]
[White "Manfredi, Vincenzo"]
[Black "Pulimeno, Roberto"]
[Result "1/2-1/2"]
[WhiteElo "1819"]
[BlackElo "1642"]
[PlyCount "108"]
[EventDate "2003.04.25"]

1. d4 Nf6 2. c4 g6 3. Nc3 Bg7 4. e4 d6 5. Nge2 O-O 6. f3 e5 7. Bg5 h6 8. Bh4
Nc6 9. d5 Ne7 10. Qd2 a6 11. Bf2 Bd7 12. Be3 Kh7 13. g4 Nfg8 14. Ng3 Kh8 15.
Bd3 Qc8 16. O-O-O f5 17. gxf5 gxf5 18. Nh5 f4 19. Bf2 Qe8 20. Nxg7 Kxg7 21.
Rdg1+ Ng6 22. h4 h5 23. Rg5 Kh6 24. Ne2 Nf6 25. Ng1 Nh7 26. Rg2 Qf7 27. Bf1 Rg8
28. Rgh2 Ne7 29. Bh3 Bxh3 30. Nxh3 Rh8 31. Qe1 c6 32. Qb4 Nc8 33. Rg2 c5 34.
Qc3 Na7 35. Kb1 Rhg8 36. Rgg1 Qc7 37. Qc1 Qf7 38. b4 b6 39. Rxg8 Rxg8 40. Rg1
Nc8 41. a3 Rg6 42. Kb2 Qd7 43. Rxg6+ Kxg6 44. Qg1+ Kh6 45. Ng5 Qg7 46. Nxh7
Kxh7 47. bxc5 Qxg1 48. Bxg1 dxc5 49. Kc3 Kg7 50. a4 a5 51. Kd3 Kf7 52. Bf2 Ke7
53. Be1 Kd6 54. Bd2 Ne7 1/2-1/2

[Event "C.to Regionale Puglia"]
[Site "Bari ITA"]
[Date "2003.04.27"]
[Round "6"]
[White "Pizzuto, Samuele Tullio"]
[Black "Rizzo, Giovanbattista"]
[Result "0-1"]
[WhiteElo "2137"]
[BlackElo "2092"]
[PlyCount "104"]
[EventDate "2003.04.25"]

1. e4 c5 2. Nc3 Nc6 3. Bb5 Nd4 4. Bc4 g6 5. Nf3 Bg7 6. Nxd4 cxd4 7. Qf3 Nf6 8.
Nb5 O-O 9. Nxd4 e6 10. e5 Ne8 11. Qe2 d6 12. Nf3 dxe5 13. Nxe5 Nd6 14. Bb3 Qg5
15. Ng4 f5 16. Ne3 Kh8 17. f3 f4 18. Nd1 Bd7 19. d3 Nf5 20. Bd2 Nd4 21. Qf2
Qe5+ 22. Kf1 Qh5 23. Nc3 g5 24. Ne4 Nf5 25. Bc3 e5 26. Ke2 g4 27. Kd2 b5 28.
Rae1 Ne3 29. Nc5 Bc8 30. Kc1 a5 31. a4 b4 32. Bd2 Nf5 33. Ne6 Bxe6 34. Bxe6 Nd4
35. fxg4 Qg6 36. Bc4 Rac8 37. b3 Rxc4 38. bxc4 Qc6 39. Bxb4 axb4 40. Re4 Qxa4
41. Rxd4 exd4 42. Kd2 b3 43. Rb1 bxc2 44. Rb2 Qa5+ 45. Kc1 Re8 46. Qd2 Qxd2+
47. Kxd2 Re2+ 48. Kxe2 c1=Q 49. Rb8+ Bf8 50. Rxf8+ Kg7 51. Re8 Qg1 52. Kf3 Qf1+
0-1

[Event "C.to Regionale Puglia"]
[Site "Bari ITA"]
[Date "2003.04.27"]
[Round "6"]
[White "Ragone, Eugenio"]
[Black "Carnimeo, Andrea"]
[Result "1/2-1/2"]
[WhiteElo "1731"]
[BlackElo "1516"]
[PlyCount "49"]
[EventDate "2003.04.25"]

1. e4 c5 2. d4 cxd4 3. c3 d6 4. cxd4 Nf6 5. Nc3 g6 6. f4 Bg7 7. Nf3 Bg4 8. h3
Bxf3 9. Qxf3 O-O 10. e5 dxe5 11. dxe5 Nfd7 12. Qxb7 Nb6 13. Be3 N8d7 14. Rd1 e6
15. Bxb6 axb6 16. Rxd7 Qh4+ 17. Kd1 Rfd8 18. Rxd8+ Rxd8+ 19. Ke2 Qxf4 20. Nb1
Qxe5+ 21. Kf2 Qd4+ 22. Kf3 Qf6+ 23. Kg3 Qe5+ 24. Kf2 Qd4+ 25. Kf3 1/2-1/2